Development in manaement accountancy (Record no. 359165)

000 -LEADER
fixed length control field 00339cam a22001217a 4500
008 - FIXED-LENGTH DATA ELEMENTS--GENERAL INFORMATION
fixed length control field 180718b1968 xxu||||| |||| 00| 0 eng d
082 ## - DEWEY DECIMAL CLASSIFICATION NUMBER
Classification number T3124 B322
245 ## - TITLE STATEMENT
Title Development in manaement accountancy
Statement of responsibility, etc. edited by J. Batty
260 ## - PUBLICATION, DISTRIBUTION, ETC.
Place of publication, distribution, etc. London
Name of publisher, distributor, etc. Heinemann
Date of publication, distribution, etc. 1968
300 ## - PHYSICAL DESCRIPTION
Extent 507p.
650 ## - SUBJECT ADDED ENTRY--TOPICAL TERM
Topical term or geographic name entry element Corporations - Accounting
700 ## - ADDED ENTRY--PERSONAL NAME
Personal name Batty, J.
Holdings
Withdrawn status Lost status Damaged status Not for loan Permanent Location Current Location Date acquired Full call number Barcode Date last seen Price effective from Koha item type
        Indian Institute of Public Administration Indian Institute of Public Administration 1994-02-06 T3124 B322 42715 2018-07-21 2018-07-21 Book

Powered by Koha